Znovuzrození evropského kolonializmu? Odvrácená tvář Evropské politiky sousedství

Najdôležitejší problém Európskej politiky susedstva (ENP). Politika EU pripomínajúca projekt, prostredníctvom ktorého EU presadzuje svoj vplyv v zahraničí napriek želaniu partnerských krajín. Nadvláda EU nad okolitými štátmi, aj keď nenásilnými prostriedkami. Problematika spoločných hodnôt. Susedská...

Ausführliche Beschreibung

Gespeichert in:
Bibliographische Detailangaben
1. Verfasser: Horký, Ondřej
Weitere Verfasser: Kratochvíl, Petr
Format: Buchkapitel
Sprache:Tschechisch
Schlagworte:
Tags: Tag hinzufügen
Keine Tags, Fügen Sie das erste Tag hinzu!

MARC

LEADER 00000naa$a2200000$$$4500
001 0094661
005 20231016093735.1
041 0 |a cze 
044 |a CZ 
245 1 0 |a Znovuzrození evropského kolonializmu?  |b Odvrácená tvář Evropské politiky sousedství  |c Ondřej Horký, Petr Kratochvíl 
520 |a Najdôležitejší problém Európskej politiky susedstva (ENP). Politika EU pripomínajúca projekt, prostredníctvom ktorého EU presadzuje svoj vplyv v zahraničí napriek želaniu partnerských krajín. Nadvláda EU nad okolitými štátmi, aj keď nenásilnými prostriedkami. Problematika spoločných hodnôt. Susedská politika ako odvrátená tvár normatívnej moci Európskej únie. 
610 2 0 |a Európska únia 
610 2 0 |a politika medzinárodná 
610 2 0 |a politika zahraničná 
610 2 0 |a spolupráca hospodárska medzinárodná 
610 2 0 |a vzťahy medzinárodné 
100 1 |a Horký, Ondřej 
700 1 |a Kratochvíl, Petr